[Event "Wch U10 Girls"]
[Site "Belfort"]
[Date "2005.07.19"]
[Round "1"]
[White "Lepeskaite, Migle"]
[Black "Aisha, Jehad"]
[Result "1-0"]
[WhiteElo "1599"]
[BlackElo "1599"]
[PlyCount "91"]
[EventDate "2005.07.??"]
[EventType "swiss"]
[EventRounds "11"]
[EventCountry "FRA"]
[SourceTitle "CBM 107 Extra"]
[Source "ChessBase"]
[SourceDate "2005.09.01"]
[SourceVersion "1"]
[SourceVersionDate "2005.09.01"]
[SourceQuality "1"]

1. d4 d5 2. Nf3 Nc6 3. g3 Nf6 4. Bg2 Bf5 5. c3 b5 6. 0-0 b4 7. Qa4 Bd7 8. Qc2 e6 9. Bg5 Be7 10. Nbd2 0-0 11. e4 h6 12. Bf4 dxe4 13. Nxe4 Nxe4 14. Qxe4 bxc3 15. bxc3 f5 16. Qe2 Bd6 17. Be5 Nxe5 18. Nxe5 c5 19. Bxa8 Bxe5 20. Qxe5 Qxa8 21. Qxc5 Rc8 22. Qd6 Bb5 23. Qxe6+ Kh8 24. Rfc1 Bc4 25. Qxf5 Rf8 26. Qg4 Qb7 27. Rc2 Qf7 28. Qe4 Bd5 29. Qe3 Re8 30. Qf4 Qe7 31. Qe5 Qf7 32. Qf4 Qe7 33. Rcc1 Qe2 34. a3 Qb2 35. c4 Be4 36. d5 Qe2 37. d6 g5 38. Qf6+ Kg8 39. d7 Rf8 40. Qxf8+ Kxf8 41. d8Q+ Kg7 42. Qe7+ Kg6 43. Re1 Qf3 44. Qxe4+ Qxe4 45. Rxe4 Kf5 46. Re7 1-0